Online Catalogue and eLibrary

New dimensions of social stratificationb in rural Sri Lanka (Record no. 1961)

MARC details
000 -LEADER
fixed length control field 00246nam a2200097Ia 4500
008 - FIXED-LENGTH DATA ELEMENTS--GENERAL INFORMATION
fixed length control field 240331s9999 xx 000 0 und d
082 ## - DDC Classification
Item Number - Author Mark PER
100 ## - MAIN ENTRY--PERSONAL NAME
Personal name Perera, J
245 #0 - TITLE STATEMENT
Title New dimensions of social stratificationb in rural Sri Lanka
942 ## - Koha item type (Biblio)
Koha item type Books in Stacks (Lending)

No items available.

© WERC Library